[Event "Balkan Youth Online-ch 2020"]
[Site "Online"]
[Date "2020.10.31"]
[Round "4.30"]
[White "Oltean, Cristian-Daniel"]
[Black "Farmakoski, Georg"]
[Result "0-1"]
[WhiteElo "2001"]
[BlackElo "1481"]
[Annotator "TA"]
[PlyCount "142"]
[EventDate "2020.10.31"]
[EventType "swiss"]
[SourceTitle "playchess.com"]
[Source "ChessBase"]
[SourceQuality "1"]

{[%evp 11,142,75,72,65,81,75,86,81,95,81,85,70,97,95,146,109,97,-90,-85,-103,-89,-158,-141,-258,-131,-132,-137,-266,-269,-303,-291,-481,-475,-834,-833,-1050,-1038,-1022,-997,-952,-916,-814,-684,-607,-565,-555,-563,-806,-754,-695,-672,-672,-672,-672,-670,-816,-809,-794,-793,-759,-646,-637,-633,-536,0,-542,-541,-541,-541,-427,-427,-836,-733,-948,-754,-888,-840,-906,-1104,-1126,-1066,-1126,-1126,-1083,-1011,-1066,-1066,-2437,-2449,-1714,-1275,-29960,-11889,-29972,-29975,-29974,-29974,-29976,-29973,-29973,-29974,-29978,-29980,-29979,-29977,-29983,-29984,-29987,-29985,-29986,-29987,-29987,-29988,-29988,-29989,-29989,-29989,-29989,-29990,-29990,-29991,-29994,-29995,-29995,-29996,-29996,-29993,-29997,-29998,-29998,-29995,-29996,-29997]} 1. e4 c5 2. Nc3 Nc6 3. f4 g6 4. Nf3 Bg7 5. Bb5 e6 6. Bxc6 dxc6 7. O-O {B23: Closed Sicilian: Lines without g3.} Ne7 8. e5 O-O 9. Ne4 {White is better.} Nd5 10. d3 b6 11. a3 {[#]} a5 $146 ({Predecessor:} 11... Ba6 12. c4 Ne7 13. g4 f5 14. exf6 Bxf6 15. Nxf6+ Rxf6 16. Qe2 Qd6 17. Ng5 Qd7 {1-0 (30) Koskoska,G (2229)-Velikhanli,F (2320) Varna 2002}) 12. c4 Ne7 (12... f5 $142) 13. Qe2 Nf5 14. Qf2 $2 (14. Be3 $16) 14... Qxd3 $17 {[%mdl 64] Double Attack} 15. Re1 Qxc4 16. g4 (16. Bd2 $142) 16... Nd4 {Hoping for ...Nc2.} 17. Nd6 (17. Be3 $17 {is a better defense.}) 17... Qd3 (17... Qd5 $19 18. Nxd4 cxd4) 18. Nxd4 cxd4 19. g5 (19. Qg2 $17) 19... c5 $19 20. Qg2 Ba6 21. b4 $2 (21. Ne4) 21... axb4 22. axb4 {[#]} (22. Bb2 $142 Bc4 23. Nxc4 Qxc4 24. Rec1) 22... Bb7 $1 {[%cal Rb7g2][%mdl 512]} 23. Qb2 (23. Nxb7 Rxa1) 23... Rxa1 24. Qxa1 Ra8 25. Qb2 Bd5 26. Qe2 Qxe2 27. Rxe2 Ra1 28. Re1 c4 29. b5 c3 {Threatens to win with ...d3.} 30. Kf2 Ra2+ 31. Re2 d3 32. Rxa2 Bxa2 {[%mdl 4096] Endgame KBB-KBN} 33. Ke3 d2 34. Bxd2 cxd2 35. Kxd2 Bd5 36. Nc8 Bc4 37. Nd6 Bd5 38. Nc8 $1 Bf8 39. Nxb6 Bc5 40. Nd7 Bg1 41. b6 (41. Nf6+ $142 Kh8 42. h3) 41... Bc6 42. Nb8 Bb7 43. Nd7 Bxh2 44. Nc5 Bxf4+ {[%mdl 64] Double Attack} 45. Ke2 Bc6 46. b7 Bxb7 47. Nxb7 Bxe5 {KB-KN} 48. Kf3 Kf8 49. Nc5 Ke7 50. Ne4 Bg7 51. Kg3 h6 52. gxh6 Bxh6 {Black mates.} 53. Kf3 e5 54. Ng3 Ke6 55. Ne2 f5 56. Kf2 Bd2 57. Ng1 e4 58. Ne2 Ke5 59. Kg3 g5 60. Kh3 e3 61. Kg3 Ke4 62. Ng1 Kd3 63. Kf3 g4+ 64. Kg3 e2 65. Nxe2 Kxe2 66. Kg2 f4 67. Kh2 Ba5 68. Kg2 f3+ 69. Kg1 f2+ 70. Kh2 {[#]} g3+ $1 {[%mdl 64] Promotion} 71. Kxg3 f1=Q {Av CentiPawn Loss W=-80/B=-37. Weighted=-88/-42} 0-1

[Event "Balkan Youth Online-ch 2020"]
[Site "Online"]
[Date "2020.10.31"]
[Round "4.32"]
[White "Smirnov, Grigorii"]
[Black "Dafa, Sirio"]
[Result "1-0"]
[WhiteElo "1413"]
[BlackElo "1004"]
[Annotator "NA RC"]
[PlyCount "40"]
[EventDate "2020.10.31"]
[EventType "swiss"]
[SourceTitle "playchess.com"]
[Source "ChessBase"]
[SourceQuality "1"]
[TimeControl "1500+5"]

1. d4 {[%emt 0:00:00]} Nf6 {[%emt 0:00:00]} 2. c4 {[%emt 0:00:00]} e5 {[%emt 0:00:00]} 3. dxe5 {[%emt 0:00:00]} Ng4 {[%emt 0:00:00]} 4. Nf3 {[%emt 0:00:00]} Bc5 {[%emt 0:00:00]} 5. e3 {[%emt 0:00:00]} Nc6 {[%emt 0:00:00]} 6. Be2 {[%emt 0:00:01]} Ngxe5 {[%emt 0:00:00]} 7. Nxe5 {[%emt 0:00:00]} Nxe5 {[%emt 0:00:00]} 8. Nc3 {[%emt 0:00:05]} d6 {[%emt 0:00:00]} 9. b3 {[%emt 0:00:34]} O-O {[%emt 0:00:00]} 10. O-O {[%emt 0:00:04]} a6 {[%emt 0:00:48]} 11. Bb2 {[%emt 0:00:23]} Be6 {[%emt 0:02:20]} 12. Ne4 {[%emt 0:02:18]} Ba7 {[%emt 0:00:10]} 13. c5 {[%emt 0:01:08]} d5 {[%emt 0:03:05]} 14. Bxe5 {[%emt 0:00:35]} dxe4 {[%emt 0:00:05]} 15. b4 {[%emt 0:00:47]} Qe7 {[%emt 0:00:11]} 16. Bd4 {[%emt 0:03:00]} Rad8 {[%emt 0:02:01]} 17. Qc2 {[%emt 0:00:24]} f5 {[%emt 0:02:24]} 18. Bc4 {[%emt 0:01:22]} Kh8 {[%emt 0:01:20]} 19. Bxe6 {[%emt 0:01:17]} Qxe6 {[%emt 0:00:00]} 20. Qc3 {[%emt 0:00:02]} Qd6 {[%emt 0:01:41]} 1-0

[Event "Balkan Youth Online-ch 2020"]
[Site "Online"]
[Date "2020.10.31"]
[Round "4.33"]
[White "Guri, Adrian"]
[Black "Shtavica, Alaudin"]
[Result "1-0"]
[WhiteElo "1611"]
[BlackElo "1323"]
[Annotator "NA RC"]
[PlyCount "121"]
[EventDate "2020.10.31"]
[EventType "swiss"]
[SourceTitle "playchess.com"]
[Source "ChessBase"]
[SourceQuality "1"]
[TimeControl "1500+5"]

1. e4 {[%emt 0:00:00]} e5 {[%emt 0:00:01]} 2. Nf3 {[%emt 0:00:00]} Nc6 {[%emt 0:00:15]} 3. Nc3 {[%emt 0:00:00]} Nf6 {[%emt 0:00:11]} 4. d4 {[%emt 0:00:00]} exd4 {[%emt 0:00:22]} 5. Nxd4 {[%emt 0:00:00]} Bb4 {[%emt 0:00:07]} 6. Nxc6 {[%emt 0:00:00]} bxc6 {[%emt 0:00:02]} 7. Bd3 {[%emt 0:00:00]} O-O {[%emt 0:00:26]} 8. O-O {[%emt 0:00:15]} d5 {[%emt 0:00:21]} 9. exd5 {[%emt 0:00:00]} cxd5 {[%emt 0:00:01]} 10. h3 {[%emt 0:00:01]} Re8 {[%emt 0:00:26]} 11. Qf3 {[%emt 0:00:18]} Rb8 {[%emt 0:00:34]} 12. Bf4 {[%emt 0:00:34]} Bd6 {[%emt 0:00:50]} 13. b3 {[%emt 0:00:04]} d4 {[%emt 0:00:54]} 14. Ne2 {[%emt 0:02:13]} Bb7 {[%emt 0:00:16]} 15. Qg3 {[%emt 0:02:06]} Nh5 {[%emt 0:00:00]} 16. Qg4 {[%emt 0:01:16]} Rxe2 {[%emt 0:00:53]} 17. Qxh5 {[%emt 0:00:57]} Re6 {[%emt 0:00:29]} 18. Qxh7+ {[%emt 0:00:25]} Kf8 {[%emt 0:00:00]} 19. Qh8+ {[%emt 0:00:04]} Ke7 {[%emt 0:00:05]} 20. Bg5+ {[%emt 0:00:09]} Rf6 {[%emt 0:00:12]} 21. Qxg7 {[%emt 0:01:13]} Kd7 {[%emt 0:01:49]} 22. Qxf6 {[%emt 0:00:32]} Qxf6 {[%emt 0:00:28]} 23. Bxf6 {[%emt 0:00:00]} c5 {[%emt 0:00:22]} 24. h4 {[%emt 0:00:24]} Ke6 {[%emt 0:00:30]} 25. Bg5 {[%emt 0:00:03]} Kd7 {[%emt 0:00:14]} 26. Rae1 {[%emt 0:00:12]} Bd5 {[%emt 0:00:13]} 27. Bf6 {[%emt 0:00:09]} Rg8 {[%emt 0:00:12]} 28. Be4 {[%emt 0:00:09]} Be6 {[%emt 0:02:16]} 29. h5 {[%emt 0:00:27]} Bf4 {[%emt 0:01:04]} 30. Bh7 {[%emt 0:00:33]} Rb8 {[%emt 0:00:54]} 31. Bg7 {[%emt 0:00:16]} Bh6 {[%emt 0:00:41]} 32. Bxh6 {[%emt 0:00:30]} Rh8 {[%emt 0:00:00]} 33. Bd3 {[%emt 0:00:34]} Rxh6 {[%emt 0:00:11]} 34. Re5 {[%emt 0:00:02]} Kd6 {[%emt 0:00:12]} 35. Rfe1 {[%emt 0:00:07]} Bg4 {[%emt 0:00:25]} 36. R5e4 {[%emt 0:00:24]} Bxh5 {[%emt 0:00:06]} 37. Rh4 {[%emt 0:00:03]} Rh8 {[%emt 0:00:30]} 38. Be2 {[%emt 0:00:19]} Bxe2 {[%emt 0:00:50]} 39. Rxh8 {[%emt 0:00:00]} Bg4 {[%emt 0:00:00]} 40. f3 {[%emt 0:00:03]} Be6 {[%emt 0:00:01]} 41. Rxe6+ {[%emt 0:00:00]} fxe6 {[%emt 0:00:00]} 42. g4 {[%emt 0:00:17]} a5 {[%emt 0:00:00]} 43. g5 {[%emt 0:00:00]} Ke7 {[%emt 0:00:00]} 44. g6 {[%emt 0:00:14]} Kf6 {[%emt 0:00:00]} 45. Rg8 {[%emt 0:00:21]} e5 {[%emt 0:00:04]} 46. Kf2 {[%emt 0:00:00]} Kf5 {[%emt 0:00:00]} 47. g7 {[%emt 0:00:13]} Kf6 {[%emt 0:00:00]} 48. Ra8 {[%emt 0:00:00]} Kxg7 {[%emt 0:00:00]} 49. Rxa5 {[%emt 0:00:00]} Kf6 {[%emt 0:00:00]} 50. Rxc5 {[%emt 0:00:00]} e4 {[%emt 0:00:00]} 51. fxe4 {[%emt 0:00:00]} Ke6 {[%emt 0:00:00]} 52. a4 {[%emt 0:00:00]} Kd6 {[%emt 0:00:00]} 53. b4 {[%emt 0:00:00]} d3 {[%emt 0:00:00]} 54. cxd3 {[%emt 0:00:00]} Ke6 {[%emt 0:00:00]} 55. a5 {[%emt 0:00:00]} Kd7 {[%emt 0:00:00]} 56. a6 {[%emt 0:00:00]} Ke6 {[%emt 0:00:00]} 57. a7 {[%emt 0:00:00]} Kd6 {[%emt 0:00:00]} 58. a8=Q {[%emt 0:00:00]} Ke7 {[%emt 0:00:00]} 59. Qa6 {[%emt 0:00:00]} Kd7 {[%emt 0:00:00]} 60. e5 {[%emt 0:00:00]} Ke7 {[%emt 0:00:00]} 61. Rc7+ {[%emt 0:00:00]} 1-0

[Event "Balkan Youth Online-ch 2020"]
[Site "Online"]
[Date "2020.10.31"]
[Round "4.34"]
[White "Budisavljevic, Luka"]
[Black "Pobor, Milo"]
[Result "1-0"]
[WhiteElo "2454"]
[BlackElo "2084"]
[Annotator "TA"]
[PlyCount "65"]
[EventDate "2020.10.31"]
[EventType "swiss"]
[SourceTitle "playchess.com"]
[Source "ChessBase"]
[SourceQuality "1"]

{[%evp 20,65,36,39,48,45,49,33,50,46,136,133,134,120,137,132,201,193,202,201,218,219,228,235,232,216,266,256,266,243,267,235,382,379,457,384,574,571,528,474,818,805,1065,1103,947,886,29988,29989]} 1. d4 Nf6 2. c4 c5 3. d5 g6 4. Nc3 Bg7 5. e4 d6 6. h3 O-O 7. Nf3 e6 8. Bd3 exd5 9. exd5 Re8+ 10. Be3 Nbd7 11. O-O a6 {E90: King's Indian: Classical: Early deviations and 6 h3.} 12. Qd2 b5 13. cxb5 Nb6 {White is slightly better.} 14. bxa6 Nbxd5 (14... Bxa6 $14 15. Rfe1 Bxd3 16. Qxd3 Na4) 15. Nxd5 $16 Nxd5 {[#]} 16. Bb5 $146 ({Predecessor:} 16. Bg5 Nf6 17. Bb5 Bd7 18. Bc4 Bc6 19. Rfe1 Qd7 20. Rxe8+ Rxe8 21. Bxf6 Bxf6 22. Qf4 Bxb2 {1-0 (53) Mertanen,J (2252)-Pobor,M (2064) Budva 2019}) 16... Nxe3 17. Bxe8 (17. fxe3 Rf8 $15) 17... Nxf1 {[#]} (17... Qxe8 $16 18. Rfe1 {[%mdl 64] Pin} (18. Qxe3 Qxe3 19. fxe3 Bxa6 $14) (18. fxe3 Rxa6 19. Rad1 Bb7 $14) 18... Qc6 19. Qxe3 (19. Rxe3 Bh6 $11) 19... Be6) 18. Bxf7+ $1 $18 {[%mdl 512]} Kh8 (18... Kxf7 19. Qd5+) 19. Rxf1 {And now Re1 would win.} Bxa6 20. Re1 {[%cal Bf1e1,Be1e3,Be3e7][%mdl 32] Threatens to win with Re8+.} Qf6 21. Bd5 Rf8 22. b3 Bc8 23. a4 {[%cal Ba2a4,Ba4a5,Ba5a6][%mdl 32]} h6 24. Re3 Kh7 25. Qe2 Bf5 (25... Qf5 $142) 26. Re7 Qc3 {[#]} 27. a5 $1 {[%mdl 512]} Kh8 (27... Bc8 {was called for.} 28. Ra7 Kh8) (27... Qxa5 28. Qb2) 28. a6 Bd3 29. Qe6 Qc1+ (29... Bxa6 $142 30. Rf7 (30. Qxd6 Bd3 $16) (30. Qxg6 Qa1+ 31. Ne1 Qf6 $16) 30... Rd8) 30. Kh2 {Strongly threatening Rxg7!} Be5+ 31. Nxe5 {Threatening mate with Rh7+!} Qf4+ 32. g3 Qxf2+ 33. Bg2 {Black did not feel at home in the position after the opening. Av CentiPawn Loss W=-13/B=-97. Weighted=-14/-90} 1-0

[Event "Balkan Youth Online-ch 2020"]
[Site "Online"]
[Date "2020.10.31"]
[Round "4.35"]
[White "Patrelakis, Evaggelos"]
[Black "Padurariu, Mihai-Edward"]
[Result "1-0"]
[WhiteElo "2281"]
[BlackElo "2084"]
[Annotator "TA"]
[PlyCount "101"]
[EventDate "2020.10.31"]
[EventType "swiss"]
[SourceTitle "playchess.com"]
[Source "ChessBase"]
[SourceQuality "1"]

{[%evp 9,100,0,16,12,15,4,10,0,2,0,19,19,15,16,14,20,20,7,18,-43,-49,-108,-103,-102,-119,-124,-115,-107,-99,-90,-103,-139,-106,-119,-89,-152,-144,-154,-132,-185,-157,-174,-148,-152,-153,-179,-159,-216,-111,-306,-302,-364,-232,-369,-353,-410,-396,-402,-247,-325,-308,-763,-443,-541,-191,-166,-154,-194,0,0,676,696,652,654,962,960,2029,169,1152,419,1164,635,864,96,99,48,123,130,249,119,29998,29999,29999]} 1. e4 c5 2. Nf3 a6 3. c4 Nc6 4. Nc3 e5 5. d3 g6 6. Bg5 {B28: Sicilian: 2 Nf3 a6 (O'Kelly Variation).} f6 7. Be3 d6 8. Be2 {The position is equal.} Bg7 {[#]} 9. h4 $146 ({Predecessor:} 9. Qd2 Nge7 10. h4 h5 11. Nh2 Nd4 12. O-O Be6 13. Bd1 O-O 14. Nd5 Nxd5 15. cxd5 {0-1 (15) Salazar,A (1800)-Avram,S (2135) Istanbul 2002}) 9... h6 10. h5 g5 $1 11. Nd2 f5 12. exf5 $1 Bxf5 13. Nde4 Nge7 14. Qd2 (14. Bg4 $11) 14... Nd4 $15 15. Bxd4 (15. Qd1 $15) 15... exd4 $17 16. Nd5 Nxd5 17. cxd5 O-O 18. Ng3 Bd7 19. O-O Be5 20. Rae1 Qf6 21. Ne4 Qg7 22. Qd1 (22. b4 $142) 22... g4 23. g3 b5 24. Kg2 (24. b4 $17 cxb4 25. Qd2) 24... Kh8 25. Rh1 Rac8 26. Rh4 {[%cal Re2g4]} Rg8 27. Qd2 Kh7 $1 28. Qa5 (28. Qc2 $17) 28... c4 (28... Qf7 $19 29. Bd1 Rg7) 29. Qb4 $2 (29. Qxa6 $17 Ra8 30. Qb6) 29... Bf5 $19 30. Bf1 {[%cal Rd3c4]} Qc7 31. Qd2 (31. Kg1 {keeps fighting.}) 31... c3 32. Qc2 b4 33. Kg1 a5 34. b3 Qa7 35. Be2 $2 (35. Bg2) 35... a4 36. bxa4 {Now Bd1 and White clings on.} Ra8 $2 (36... Bxe4 37. Bxg4 Bxd5 38. Bf5+ Kh8 39. Bxc8 Rxc8) 37. Bd1 Bd7 {[%cal Rd7a4]} 38. Qb1 Bxa4 $2 (38... Qa5 $19 {Hoping for ...Rg7.} 39. Rf1 Qxd5) 39. Bxg4 $11 {aiming for Bf5+.} Rab8 $2 {[%mdl 8192]} (39... Bd7 $11 40. Bxd7 Qxd7) 40. Bf5+ $1 $18 Kh8 41. Qc1 $1 {[%cal Rc1h6]} Bg7 42. Nxd6 Qc7 43. Nc4 $2 (43. Re6 Rge8 44. Nxe8 Rxe8 45. Rxh6+ Kg8 46. Be6+ Rxe6 47. Rxe6) 43... b3 $2 (43... Rgf8) 44. axb3 (44. Re6 $142 Rge8 45. Rxh6+ Kg8 46. axb3 $1 {[%mdl 512]}) 44... Bxb3 (44... Rgf8 $142 45. d6 Qd8 46. bxa4 Rxf5) 45. d6 Qc5 {[#]} 46. Be6 $2 (46. Re5 $3 $18 {[%mdl 512] and the rest is easy.} Qb5 (46... Bxe5 47. Qxh6#) 47. Rxb5 Rxb5 48. Be6) 46... Rgf8 $16 47. Rf4 ({White should try} 47. Rg4 $16 {Threatens to win with Re5!} Bxc4 48. Bxc4 Qxh5 49. Rh4) 47... Qxh5 ({Black should play} 47... Rxf4 $1 $14 48. Qxf4 Rf8) 48. d7 $40 {[%mdl 128] White wants a kill.} c2 49. Rh4 (49. Rxf8+ $18 {and White stays clearly on top.} Rxf8 50. Nd6 Bxe6 51. Rxe6 Qd1+ 52. Re1 Qxd3 {[#]} 53. Nf7+ $1 {[%mdl 512]} (53. Ne8 Qf5 $14) 53... Kh7 54. Qf4 (54. d8=Q Rxd8 55. Nxd8 Qc3 $11)) 49... Qd1 $2 {[%mdl 8192]} (49... Qg6 $16) 50. Rxh6+ Bxh6 51. Qxh6# {Av CentiPawn Loss W=-42/B=-146. Weighted=-97/-195} 1-0

[Event "Balkan Youth Online-ch 2020"]
[Site "Online"]
[Date "2020.10.31"]
[Round "4.36"]
[White "Stepanencu, Nicodim-Cosmin"]
[Black "Krallis, Christos"]
[Result "0-1"]
[WhiteElo "2006"]
[BlackElo "2444"]
[Annotator "TA"]
[PlyCount "76"]
[EventDate "2020.10.31"]
[EventType "swiss"]
[SourceTitle "playchess.com"]
[Source "ChessBase"]
[SourceQuality "1"]

{[%evp 14,75,7,9,32,33,29,36,42,15,33,2,6,-37,-11,-14,-7,-3,0,0,0,0,0,-7,79,0,0,0,0,0,0,0,0,0,31,-9,34,31,51,12,93,0,0,0,0,0,0,0,0,0,0,0,0,0,22,0,0,2,16,-29963,-36,-29972,-29968,-29999]} 1. e4 c5 2. Nf3 g6 3. d4 cxd4 4. Qxd4 Nf6 5. Nc3 Nc6 6. Qa4 d6 7. e5 dxe5 8. Nxe5 {Threatening Bc4.} Qd4 {Threatens to win with ...Qxa4. B27: Sicilian: 2 Nf3, unusual Black 2nd moves.} (8... Bg7 {is more complex.} 9. Bb5 O-O 10. Nxc6 bxc6 11. Bxc6 Bd7) 9. Nxc6 Qxa4 10. Nxa4 {And now Ne5 would win.} bxc6 {White is slightly better.} 11. Be2 Bf5 {[#]} 12. b3 $146 ({Predecessor:} 12. Bf3 Rc8 13. b3 Bg7 14. Bb2 O-O 15. O-O-O c5 16. Be2 Bh6+ 17. Kb1 Ne4 18. Rde1 {1-0 (62) Fressinet,L (2711)-Djuric,S (2393) Calvi 2014}) 12... Bxc2 13. Bb2 Bg7 14. Bf3 O-O 15. O-O Rac8 16. Rfe1 Nd5 17. Bxg7 Kxg7 18. Nc5 Rfe8 (18... g5 $11) 19. Re2 (19. Rac1 $16 Nb4 20. Re3) 19... Bf5 $11 20. g4 $36 {[%mdl 2048] White has the initiative.} Nf4 $1 {[%cal Rf4e2]} 21. gxf5 {aiming for Re5.} Nxe2+ 22. Bxe2 gxf5 23. Rc1 e5 24. b4 {[%mdl 1024] White has compensation.} e4 25. Nb3 Red8 26. Kg2 Kf6 {[#]} (26... Rd6 $11) 27. Rc5 (27. f4 $1 $16) 27... Rd5 28. Rc3 f4 29. f3 $1 {[%cal Rf3e4]} e3 30. Rc4 Rg8+ 31. Kf1 Rdg5 {[%csl Gg8][%cal Rg5g1]} 32. Rxf4+ Ke5 {[%csl Gg8][%cal Rg5g1]} 33. Re4+ {[%mdl 64] Double Attack} Kd6 {[%csl Gg8][%cal Rg5g1]} 34. Ke1 Re5 35. Rd4+ Kc7 {( -> ...Rg1+)} 36. f4 $2 {[%mdl 8192]} (36. Rg4 $11 Rxg4 37. fxg4) 36... Rg1+ 37. Bf1 {[#]} e2 $1 {[%mdl 576] Pin} 38. Nd2 exf1=R# {Av CentiPawn Loss W=-80/B=-44. Weighted=-109/-39} 0-1

[Event "Balkan Youth Online-ch 2020"]
[Site "Online"]
[Date "2020.10.31"]
[Round "4.37"]
[White "Velkoski, Stojan"]
[Black "Vujovic, Savo"]
[Result "1-0"]
[WhiteElo "1705"]
[BlackElo "2118"]
[Annotator "TA"]
[PlyCount "51"]
[EventDate "2020.10.31"]
[EventType "swiss"]
[SourceTitle "playchess.com"]
[Source "ChessBase"]
[SourceQuality "1"]

{[%evp 9,51,0,20,12,27,12,18,-16,52,59,53,47,135,130,170,158,182,184,225,220,221,159,236,244,246,183,547,346,319,174,180,120,430,383,1454,1428,29980,29981,1802,1199,29988,29989,29996,29997]} 1. e4 c5 2. Nc3 g6 3. f4 Bg7 4. Nf3 Nc6 5. Bb5 Nh6 6. O-O {B23: Closed Sicilian: Lines without g3.} O-O 7. d3 d6 8. Qe1 {The position is equal.} e6 (8... Nd4 $1 $11 9. Ba4 Bd7 10. Bxd7 Qxd7) 9. Bxc6 $14 bxc6 10. e5 d5 (10... f5 $14) 11. b3 $16 {[#]} Nf5 $146 ({Predecessor:} 11... Ba6 12. Ba3 c4 13. Bxf8 Bxf8 14. bxc4 dxc4 15. d4 Rb8 16. Ne4 Nf5 17. c3 h5 18. h3 Be7 19. g4 hxg4 20. hxg4 {1-0 (20) Hegde,G (2298)-Lam Choong Wai,E (1796) ICCF email 2018}) 12. Ba3 Re8 13. Bxc5 Bf8 14. Bxf8 Rxf8 15. d4 Qc7 (15... Ba6 $16 {might work better.}) 16. g4 $18 Ng7 17. Qh4 c5 $2 (17... h5 {is more resistant.} 18. Na4 hxg4) 18. Ng5 {[%csl Gg5][%cal Rh4h7]} h5 {[#]} 19. gxh5 (19. f5 $142 $1 {[%mdl 512]} Qa5 (19... exf5 20. Nxd5) 20. Rf3) 19... Nxh5 20. Ne2 $40 {[%mdl 128] White goes for the king.} (20. f5 $18 exf5 21. Nxd5) 20... cxd4 $2 {[%mdl 8192] Black cannot hold the game after this.} (20... Kg7 $16 {is a better chance.}) 21. Ng3 Qxc2 $2 (21... f6) 22. Rf2 Qd3 23. Nxh5 gxh5 24. Rg2 {[#] Threatening mate with Ne4+.} Qf5 25. Qxh5 Re8 26. Nxe6+ {[%mdl 64] Discovered Attack. Av CentiPawn Loss W=-60/B=1208. Weighted=-57/190} 1-0

[Event "Balkan Youth Online-ch 2020"]
[Site "Online"]
[Date "2020.10.31"]
[Round "4.38"]
[White "Veljanoski, Andrej"]
[Black "Magold, Victor"]
[Result "1/2-1/2"]
[WhiteElo "2007"]
[BlackElo "2045"]
[Annotator "TA"]
[PlyCount "59"]
[EventDate "2020.10.31"]
[EventType "swiss"]
[SourceTitle "playchess.com"]
[Source "ChessBase"]
[SourceQuality "1"]

{[%evp 11,59,15,37,27,32,28,21,8,2,-25,-10,-24,-10,-61,-68,-112,-100,-105,-105,-105,-82,-77,-37,-50,-49,-57,-23,-23,-6,-67,-62,-71,-58,-175,-166,-176,0,0,0,0,0,0,0,0,0,0,0,0,0,1]} 1. e4 c5 2. Nf3 d6 3. d4 cxd4 4. Nxd4 Nf6 5. Nc3 a6 6. h3 g6 7. Be3 {B90: Sicilian Najdorf: Unusual White 6th moves, 6 Be3 Ng4 and 6 Be3 e5.} Bg7 8. Qd2 b5 9. a3 Bb7 10. Bd3 Nbd7 11. O-O O-O 12. f4 {[#]} ({Better is} 12. Rad1 $11) 12... Nc5 $146 {[%cal Rf6e4]} ({Predecessor:} 12... Qc7 13. Rae1 Rae8 14. Kh1 e5 15. Nf3 Nh5 16. Ne2 d5 17. g4 dxe4 18. Bxe4 Bxe4 19. gxh5 {0-1 (26) Verlatov,A (1996)-Hornung,H (2050) Immenstadt 2009}) 13. e5 dxe5 14. fxe5 Nd5 15. Bh6 Nxc3 16. bxc3 Qd5 17. Bxg7 Kxg7 18. Rae1 Rad8 19. Re2 Ne6 20. Be4 (20. Re4 $11) 20... Qd7 21. Bxb7 Qxb7 22. Rxf7+ (22. Rf3 $15) 22... Kxf7 $19 23. Rf2+ {[#]} Kg8 $2 ({Weaker is} 23... Ke8 24. Nxe6 Rxd2 25. Rxf8+ Kd7 26. Nc5+ Kc7 27. Nxb7 $11) (23... Nf4 $1 $19 {And now ...Kg8 would win.} 24. Rxf4+ (24. Qxf4+ Kg8) 24... Kg8) 24. Nxe6 $11 {Threatens to win with Qh6.The position is equal.} Qb6 25. Nxd8 Rxd8 26. Qf4 Qe6 27. Kh2 Kg7 28. Rf3 Rc8 29. h4 h6 30. Kg1 {Av CentiPawn Loss W=-15/B=-15. Weighted=-23/-13} 1/2-1/2